[Event "Heusenstamm Sparkassen op-A 6th"]
[Site "Heusenstamm"]
[Date "2019.11.24"]
[Round "6"]
[White "Faber, Lutz"]
[Black "Masoudi, Kian"]
[Result "1-0"]
[WhiteElo "1839"]
[BlackElo "1606"]
[PlyCount "87"]
[EventDate "2019.11.21"]
[EventType "swiss"]
[EventRounds "7"]
[EventCountry "GER"]
[SourceTitle "CBM 194 Extra"]
[Source "ChessBase"]
[SourceDate "2020.03.31"]
[SourceVersion "1"]
[SourceVersionDate "2020.03.31"]
[SourceQuality "1"]

1. d4 Nf6 2. Bf4 c5 3. e3 e6 4. Nf3 b6 5. c3 Bb7 6. Nbd2 cxd4 7. exd4 Be7 8. Bd3 d6 9. 0-0 0-0 10. Rc1 Nbd7 11. Re1 Re8 12. h3 Rc8 13. Bb1 Bf8 14. Qa4 a6 15. Qc2 Qc7 16. Ng5 g6 17. Qd1 e5 18. Bh2 Bh6 19. Nge4 Nxe4 20. Bxe4 Bxe4 21. Rxe4 f5 22. Re2 Nf6 23. Rc2 Bxd2 24. Rcxd2 Ne4 25. Rd3 Qc4 26. f3 Nf6 27. b3 Qc7 28. c4 e4 29. Rc3 Qd7 30. Qd2 exf3 31. gxf3 b5 32. Rxe8+ Rxe8 33. Re3 Rxe3 34. Qxe3 Kf7 35. Kf2 bxc4 36. bxc4 Ne8 37. d5 Qe7 38. Qb6 Qh4+ 39. Bg3 Qxc4 40. Qb7+ Kf6 41. Qa8 Qxa2+ 42. Kg1 Qe2 43. Qd8+ Qe7 44. Bh4+ 1-0

[Event "Hessen-chB"]
[Site "Frankfurt"]
[Date "2018.05.12"]
[Round "6"]
[White "Klowski, Bjoern Sigurd"]
[Black "Masoudi, Kian"]
[Result "1-0"]
[WhiteElo "1681"]
[BlackElo "1584"]
[PlyCount "85"]
[EventDate "2018.05.10"]
[EventType "swiss"]
[EventRounds "7"]
[EventCountry "GER"]
[SourceTitle "EXT 2019"]
[Source "ChessBase"]
[SourceDate "2018.10.10"]
[SourceVersion "1"]
[SourceVersionDate "2018.10.10"]
[SourceQuality "1"]

1. e4 e5 2. Nf3 Nc6 3. Bc4 Nf6 4. d3 Bc5 5. c3 Bb6 6. 0-0 h6 7. Bb3 d6 8. Nbd2 0-0 9. h3 Be6 10. Bc2 Nh7 11. Re1 f5 12. exf5 Bxf5 13. Nf1 Qf6 14. Be3 Bxh3 15. N1h2 Be6 16. Qd2 Bxe3 17. fxe3 Ng5 18. d4 Nxf3+ 19. Nxf3 Bf5 20. e4 Bg4 21. Rf1 Bxf3 22. Rxf3 Qg6 23. Raf1 Rxf3 24. Rxf3 a5 25. Qf2 a4 26. Bd3 Qe8 27. Bc4+ Kh8 28. Rf7 Na5 29. Qg3 Qg8 30. Be6 c6 31. Rxb7 Qh7 32. Rd7 Re8 33. Bf5 Qg8 34. Qg6 Nc4 35. Kf2 Nxb2 36. Ke2 Qc4+ 37. Kf2 Nd3+ 38. Ke3 exd4+ 39. cxd4 Qc1+ 40. Kxd3 Qa3+ 41. Ke2 Qb2+ 42. Kf3 Qc3+ 43. Kg4 1-0

[Event "Hessen-chB"]
[Site "Frankfurt"]
[Date "2018.05.10"]
[Round "1"]
[White "Masoudi, Kian"]
[Black "Meyer, Marcel"]
[Result "1/2-1/2"]
[WhiteElo "1584"]
[BlackElo "1759"]
[PlyCount "101"]
[EventDate "2018.05.10"]
[EventType "swiss"]
[EventRounds "7"]
[EventCountry "GER"]
[SourceTitle "EXT 2019"]
[Source "ChessBase"]
[SourceDate "2018.10.10"]
[SourceVersion "1"]
[SourceVersionDate "2018.10.10"]
[SourceQuality "1"]

1. e4 c6 2. Nf3 d5 3. Nc3 dxe4 4. Nxe4 Bg4 5. Ng3 Nf6 6. h3 Bxf3 7. Qxf3 Nbd7 8. d4 e6 9. c3 Qb6 10. a4 c5 11. dxc5 Bxc5 12. a5 Qb3 13. Be2 0-0 14. Bd1 Qd5 15. 0-0 Rfd8 16. Qxd5 Nxd5 17. Bf3 Ne5 18. Bxd5 Rxd5 19. Ne4 Be7 20. f4 Nd3 21. c4 Rd4 22. Rd1 Rad8 23. Nc3 Rxc4 24. Ra4 Rxa4 25. Nxa4 Rd4 26. Be3 Rd8 27. Bxa7 Nxf4 28. Rxd8+ Bxd8 29. Bb6 Bxb6+ 30. Nxb6 Kf8 31. Nc8 Ke8 32. Nd6+ Kd7 33. Nxb7 Kc7 34. Nc5 Kc6 35. b4 Kb5 36. Kf2 Nd5 37. Nd3 f6 38. Kf3 Kc4 39. Nf4 Nc7 40. Nh5 Kxb4 41. Nxg7 Kxa5 42. g4 Kb5 43. Ke4 Kc5 44. Nh5 Nd5 45. Nxf6 Nxf6+ 46. Ke5 Nd5 47. Kxe6 Nf4+ 48. Kf6 Nxh3 49. g5 Nxg5 50. Kxg5 h6+ 51. Kxh6 1/2-1/2

[Event "Heusenstamm Sparkassen op-A 4th"]
[Site "Heusenstamm"]
[Date "2017.11.24"]
[Round "2"]
[White "Masoudi, Kian"]
[Black "Laux, Dominik"]
[Result "1/2-1/2"]
[WhiteElo "1581"]
[BlackElo "1888"]
[PlyCount "74"]
[EventDate "2017.11.23"]
[EventType "swiss"]
[EventRounds "7"]
[EventCountry "GER"]
[SourceTitle "EXT 2019"]
[Source "ChessBase"]
[SourceDate "2018.10.10"]
[SourceVersion "1"]
[SourceVersionDate "2018.10.10"]
[SourceQuality "1"]

1. e4 g6 2. d4 Bg7 3. Nc3 c6 4. Bg5 Qb6 5. Nge2 Qxb2 6. Rb1 Qa3 7. g3 d6 8. Bg2 Nd7 9. 0-0 Qa5 10. Qd2 Qc7 11. d5 Ngf6 12. Bh6 0-0 13. Bxg7 Kxg7 14. f4 cxd5 15. Nxd5 Nxd5 16. exd5 Nf6 17. Rfc1 b6 18. c4 Ba6 19. Nc3 Nd7 20. Kh1 Nc5 21. a4 Nb7 22. Nb5 Qd7 23. Nd4 Rfc8 24. Nc6 Nd8 25. Nb4 Bb7 26. Ra1 Rc5 27. Nd3 Ra5 28. Nb2 Rc8 29. Re1 Ba6 30. h3 Nb7 31. Re2 Rac5 32. Rc1 Na5 33. Rce1 Re8 34. Qd4+ Kg8 35. Rc2 Qc7 36. Bf1 Bb7 37. Bg2 Rc8 1/2-1/2

[Event "Wiesbaden op 28th"]
[Site "Wiesbaden"]
[Date "2016.08.28"]
[Round "7"]
[White "Klinke, Roland"]
[Black "Masoudi, Kian"]
[Result "0-1"]
[WhiteElo "1438"]
[BlackElo "1594"]
[PlyCount "72"]
[EventDate "2016.08.25"]
[EventType "swiss"]
[EventRounds "7"]
[EventCountry "GER"]
[SourceTitle "CBM 174 Extra"]
[Source "ChessBase"]
[SourceDate "2016.10.10"]
[SourceVersion "1"]
[SourceVersionDate "2016.10.10"]
[SourceQuality "1"]

1. d4 Nf6 2. c4 c5 3. d5 b5 4. cxb5 a6 5. Nc3 g6 6. e4 axb5 7. Bxb5 Bg7 8. Nf3 Nxe4 9. Bxd7+ Nxd7 10. Nxe4 Qa5+ 11. Qd2 Qa6 12. Qe2 Qa5+ 13. Qd2 Qa4 14. Qe3 0-0 15. 0-0 Qb5 16. Qd2 Nb6 17. Nc3 Qd7 18. Re1 Bb7 19. Qe2 Bxc3 20. bxc3 Rfe8 21. Bh6 Qxd5 22. Qb2 Nc4 23. Qe2 Nd6 24. Red1 Qh5 25. Be3 Ne4 26. Rdc1 Ba6 27. Qc2 Nd6 28. Bxc5 Qxc5 29. Nd4 Bb7 30. Qd2 Qd5 31. f3 e5 32. Nb3 Qc6 33. Qe2 e4 34. fxe4 Nxe4 35. Qc2 Nxc3 36. Nd4 Qd5 0-1

[Event "Wiesbaden op 28th"]
[Site "Wiesbaden"]
[Date "2016.08.27"]
[Round "4"]
[White "Gerber, Ingo"]
[Black "Masoudi, Kian"]
[Result "1/2-1/2"]
[WhiteElo "1324"]
[BlackElo "1594"]
[PlyCount "103"]
[EventDate "2016.08.25"]
[EventType "swiss"]
[EventRounds "7"]
[EventCountry "GER"]
[SourceTitle "CBM 174 Extra"]
[Source "ChessBase"]
[SourceDate "2016.10.10"]
[SourceVersion "1"]
[SourceVersionDate "2016.10.10"]
[SourceQuality "1"]

1. e4 e5 2. Nf3 Nc6 3. d4 exd4 4. Nxd4 Bc5 5. Be3 Qf6 6. c3 Nge7 7. Bc4 d6 8. 0-0 Qg6 9. Nd2 Bh3 10. Qf3 Bd7 11. Rfe1 Ne5 12. Qe2 0-0 13. b4 Bb6 14. N4f3 Nxc4 15. Qxc4 Be6 16. Qe2 d5 17. Bxb6 axb6 18. Nd4 dxe4 19. Nxe4 Nd5 20. Qd2 Rfe8 21. c4 Nf6 22. Nxf6+ Qxf6 23. Nxe6 Rxe6 24. Qc1 Qe7 25. Rxe6 Qxe6 26. a3 h5 27. h3 Qe2 28. a4 Rd8 29. c5 bxc5 30. bxc5 Rd2 31. Qf1 Qxf1+ 32. Kxf1 Rc2 33. Rb1 Rxc5 34. Rxb7 Kf8 35. Ke2 Ke8 36. Rb5 Rc2+ 37. Ke3 g6 38. a5 Kd7 39. g3 Ra2 40. f4 Ra3+ 41. Kf2 Kc6 42. Re5 Kd6 43. Rb5 c5 44. Rb7 c4 45. a6 Rxa6 46. Rxf7 Kd5 47. f5 c3 48. fxg6 Rxg6 49. Rc7 Rc6 50. Rxc6 Kxc6 51. Ke2 Kd5 52. g4 1/2-1/2

[Event "Wiesbaden op 28th"]
[Site "Wiesbaden"]
[Date "2016.08.26"]
[Round "2"]
[White "Bjoerknes, Uwe"]
[Black "Masoudi, Kian"]
[Result "1/2-1/2"]
[WhiteElo "1793"]
[BlackElo "1594"]
[PlyCount "40"]
[EventDate "2016.08.25"]
[EventType "swiss"]
[EventRounds "7"]
[EventCountry "GER"]
[SourceTitle "CBM 174 Extra"]
[Source "ChessBase"]
[SourceDate "2016.10.10"]
[SourceVersion "1"]
[SourceVersionDate "2016.10.10"]
[SourceQuality "1"]

1. f4 g6 2. Nf3 Bg7 3. e4 c6 4. Be2 d5 5. exd5 cxd5 6. 0-0 Qb6+ 7. d4 e6 8. c3 Ne7 9. Qb3 0-0 10. Qxb6 axb6 11. Na3 Bd7 12. Bb5 Nbc6 13. Ne5 Be8 14. Bd2 f6 15. Nf3 Nc8 16. Rfe1 Bd7 17. Nc2 Nd6 18. Bd3 Rfe8 19. Ne3 b5 20. b3 Ra7 1/2-1/2

[Event "Frankfurt-chA"]
[Site "Frankfurt"]
[Date "2016.06.13"]
[Round "7"]
[White "Masoudi, Kian"]
[Black "Stock, Juergen"]
[Result "0-1"]
[WhiteElo "1361"]
[BlackElo "1780"]
[PlyCount "55"]
[EventDate "2016.04.25"]
[EventType "swiss"]
[EventRounds "9"]
[EventCountry "GER"]
[SourceTitle "EXT 2018"]
[Source "ChessBase"]
[SourceDate "2017.10.13"]
[SourceVersion "1"]
[SourceVersionDate "2017.10.13"]
[SourceQuality "1"]

1. e4 e6 2. d4 d5 3. Nc3 Nf6 4. e5 Nfd7 5. f4 c5 6. Nf3 Nc6 7. Be3 Qb6 8. Na4 Qa5+ 9. c3 cxd4 10. Nxd4 Nxd4 11. Bxd4 b5 12. b4 Qxa4 13. Qd2 a5 14. Bd3 axb4 15. Bc2 bxc3 16. Bxc3 Qa7 17. Bd4 Bc5 18. Bf2 Bxf2+ 19. Qxf2 Qxf2+ 20. Kxf2 0-0 21. h4 Nb6 22. h5 Bd7 23. g4 Rfc8 24. Bd3 Rc3 25. Ke2 Raa3 26. Rh3 d4 27. Rf3 Bc6 28. Rg3 0-1

[Event "Frankfurt-chA"]
[Site "Frankfurt"]
[Date "2016.05.09"]
[Round "3"]
[White "Masoudi, Kian"]
[Black "Felmy, Benjamin"]
[Result "1/2-1/2"]
[WhiteElo "1361"]
[BlackElo "2075"]
[PlyCount "59"]
[EventDate "2016.04.25"]
[EventType "swiss"]
[EventRounds "9"]
[EventCountry "GER"]
[SourceTitle "EXT 2018"]
[Source "ChessBase"]
[SourceDate "2017.10.13"]
[SourceVersion "1"]
[SourceVersionDate "2017.10.13"]
[SourceQuality "1"]

1. e4 c5 2. d4 cxd4 3. c3 Nf6 4. Bd3 d5 5. e5 Ne4 6. Bxe4 dxe4 7. cxd4 Nc6 8. Ne2 Bg4 9. Be3 Qb6 10. Qd2 Bxe2 11. Qxe2 0-0-0 12. d5 Qa5+ 13. Nc3 Rxd5 14. 0-0 Rxe5 15. Rfc1 g5 16. a4 Kb8 17. Nb5 a6 18. Nd4 Nb4 19. Nb3 Qd5 20. Bd4 Bg7 21. Rc5 Qxd4 22. Nxd4 Rxc5 23. Nb3 Re5 24. Qc4 Nd5 25. Nc5 Rd8 26. a5 e3 27. fxe3 Rxe3 28. Rd1 e6 29. Qa4 Rc8 30. Rc1 1/2-1/2

[Event "Heusenstamm Sparkassen op-A 2nd"]
[Site "Heusenstamm"]
[Date "2015.11.28"]
[Round "5"]
[White "Zerhusen, Martin"]
[Black "Masoudi, Kian"]
[Result "1-0"]
[WhiteElo "1762"]
[BlackElo "1568"]
[PlyCount "120"]
[EventDate "2015.11.26"]
[EventType "swiss"]
[EventRounds "7"]
[EventCountry "GER"]
[SourceTitle "EXT 2018"]
[Source "ChessBase"]
[SourceDate "2017.10.13"]
[SourceVersion "1"]
[SourceVersionDate "2017.10.13"]
[SourceQuality "1"]

1. d4 Nf6 2. c4 c5 3. d5 e6 4. Nc3 exd5 5. Nxd5 Nxd5 6. Qxd5 Nc6 7. a3 d6 8. e3 Be7 9. Nf3 Be6 10. Qd1 0-0 11. Bd2 Re8 12. Be2 Bf6 13. Qc2 Bg4 14. Rd1 Bxf3 15. Bxf3 Nd4 16. Qc1 Nxf3+ 17. gxf3 Qb6 18. Bc3 Bh4 19. Kf1 Re6 20. Rg1 Rg6 21. Rxg6 fxg6 22. Qd2 Rd8 23. Qd5+ Kh8 24. Qf7 Rg8 25. Qd7 Qb3 26. Rxd6 Qxc4+ 27. Kg2 Bg5 28. Qxb7 Bh6 29. Qxa7 Rf8 30. Qe7 Rg8 31. Rd8 Qb3 32. Rf8 g5 33. Qe8 g4 34. Rxg8+ Qxg8 35. Qxg8+ Kxg8 36. fxg4 Bg5 37. Ba5 Bf6 38. b3 Kf7 39. Kf3 Ke6 40. Ke4 Be5 41. f4 Bb2 42. a4 g6 43. Bb6 Kd6 44. Kd3 Bc1 45. f5 gxf5 46. gxf5 Kc6 47. Bd8 Kd7 48. Bf6 Ba3 49. Kc4 Kc6 50. e4 Bc1 51. Bg7 Bf4 52. f6 Bxh2 53. f7 Bd6 54. f8Q Bxf8 55. Bxf8 h5 56. Be7 Kd7 57. Bxc5 h4 58. Bg1 h3 59. Kd5 h2 60. Bxh2 Kc8 1-0

[Event "Heusenstamm Sparkassen op-A 2nd"]
[Site "Heusenstamm"]
[Date "2015.11.27"]
[Round "2"]
[White "Neubauer, Robert"]
[Black "Masoudi, Kian"]
[Result "1-0"]
[WhiteElo "1810"]
[BlackElo "1568"]
[PlyCount "97"]
[EventDate "2015.11.26"]
[EventType "swiss"]
[EventRounds "7"]
[EventCountry "GER"]
[SourceTitle "EXT 2018"]
[Source "ChessBase"]
[SourceDate "2017.10.13"]
[SourceVersion "1"]
[SourceVersionDate "2017.10.13"]
[SourceQuality "1"]

1. e4 e5 2. Nf3 Nc6 3. Bc4 Bc5 4. c3 Nf6 5. d4 exd4 6. e5 Ne4 7. Bd5 f5 8. cxd4 Bb4+ 9. Nbd2 Ne7 10. Bb3 d5 11. 0-0 0-0 12. Qe2 Kh8 13. Qb5 Nc6 14. Nxe4 fxe4 15. Bxd5 exf3 16. Bxc6 bxc6 17. Qxb4 fxg2 18. Kxg2 Be6 19. f4 Bd5+ 20. Kg3 Qe8 21. Rg1 Qg6+ 22. Kf2 Qc2+ 23. Kg3 h5 24. Bd2 g5 25. Qc3 gxf4+ 26. Kf2 Qe4 27. Rg5 Rf5 28. Rag1 Raf8 29. Re1 Qxe1+ 30. Bxe1 Rxg5 31. Kf1 Re8 32. Bf2 f3 33. h4 Rg6 34. Qa5 Rge6 35. Qxc7 R8e7 36. Qd8+ Kg7 37. Qa5 Rb7 38. b3 Ree7 39. Qd2 Be4 40. Qg5+ Bg6 41. Qf6+ Kh7 42. Qxc6 Bd3+ 43. Ke1 Be2 44. d5 Rbc7 45. Qf6 Rf7 46. Qg5 Rc2 47. Qxh5+ Kg8 48. Qg6+ Rg7 49. Qxc2 1-0

[Event "Heusenstamm Schloss op 1st"]
[Site "Heusenstamm"]
[Date "2014.11.23"]
[Round "7"]
[White "Masoudi, Kian"]
[Black "Guenther, Rainer"]
[Result "1-0"]
[WhiteElo "1178"]
[BlackElo "1644"]
[PlyCount "69"]
[EventDate "2014.11.20"]
[EventType "swiss"]
[EventRounds "7"]
[EventCountry "GER"]
[SourceTitle "CBM 163 Extra"]
[Source "ChessBase"]
[SourceDate "2014.12.23"]
[SourceVersion "1"]
[SourceVersionDate "2014.12.23"]
[SourceQuality "1"]

1. d4 Nf6 2. Nf3 e6 3. Bf4 d5 4. e3 Bd6 5. Bg3 0-0 6. Nbd2 Nbd7 7. Bd3 Re8 8. Ne5 Nf8 9. Ndf3 c5 10. c3 c4 11. Bc2 Bb8 12. Ng5 Bxe5 13. dxe5 Ne4 14. Nf3 f5 15. exf6 Nxf6 16. Be5 Ng4 17. Qd4 Nxe5 18. Qxe5 Qf6 19. Qh5 g6 20. Qh6 e5 21. e4 dxe4 22. Bxe4 Bf5 23. Bd5+ Be6 24. Bxe6+ Nxe6 25. 0-0 e4 26. Nd2 Nf4 27. Rae1 Qf5 28. Nxc4 Rad8 29. Ne3 Qf7 30. Qg5 Nd3 31. Re2 Re5 32. Qxd8+ Kg7 33. Qd4 Kg8 34. Ng4 Qe7 35. Nxe5 1-0